U.S. Cities by Hispanic Population - Statistics

General Stats
  • This quiz has been taken 17 times
  • The average score is 15 of 35
Answer Stats
% City Total Population % Correct
44.5 Los Angeles 12,997.353
75%
54.3 San Antonio 2,601.788
75%
42.2 Miami 6,091,747
58%
22.4 New York City 19,768.458
58%
32.6 San Diego 3,286.069
50%
17.2 Tampa 3,219,514
50%
9.8 Atlanta 6,144.050
42%
9.5 Boston 4,899.932
42%
9.3 Charlotte 2,701.046
42%
21.3 Chicago 9,509.934
42%
5.0 Cleveland 2,075.662
42%
27.8 Dallas 7,759.615
42%
22.5 Denver 2,972.566
42%
4.1 Detroit 4,365.205
42%
35.9 Houston 7,206.841
42%
6.2 Indianapolis 2,126.804
42%
29.8 Las Vegas 2,292.476
42%
5.4 Minneapolis 3,690.512
42%
27.0 Orlando 2,691.925
42%
8.1 Philadelphia 6,228.601
42%
29.8 Phoenix 4,946.145
42%
11.2 Portland 2,511.612
42%
21.4 San Francisco 4,623.264
42%
9.3 Seattle 4,011.553
42%
14.4 Washington 6,356.434
42%
31.6 Austin 2,352.426
33%
4.8 Baltimore 2,838.327
33%
2.8 Cincinnati 2,259.935
33%
3.6 Columbus 2,151.017
33%
8.5 Kansas City 2,199.490
33%
1.4 Pittsburgh 2,353.538
33%
20.5 Sacramento 2,411.428
33%
2.8 St. Louis 2,809.299
33%
6.7 Nashville 2,012.476
25%
48.9 Riverside 4,653.105
25%
No matching quizzes found
Score Distribution
Percent of People with Each Score
Percentile by Number Answered
Your Score History
You have not taken this quiz